00589nam a22002057a 450000500170000001000150001702000260003203500130005803500130007103700130008403700170009708200120011410000240012624500890015026000400023927000530027930000200033250000190035252000120037120170203151652.0 aENG-110462 a9789380828497c599.00 aEN-93994 aB-529566 bDBAD/PUB bBBB/Venadpl a320.954 aDhar, Maloy Krishna aBattleground India :cby Maloy Krishna Dharbprognosis of Hindu-Muslim exclusivism / aNew DelhibVitasta Publishingc2012 a2/15, Ansari Road, Darya GanjbNew Delhie110002 a495p.c24cm(Hb) aIncludes index a13-14EN